000 00793nam a2200229Ia 4500
005 20260430150737.0
008 008 250103s9999 xx 000 0 hin d
037 _aTheses
040 _aCRL
040 _bhin
040 _chin
041 _2hin
041 _ahin
084 _qCRL
100 _aराजेश कुमार, ले.
245 0 _aडाॅ0 बी. आर. अम्बेडकर और श्रमिक कल्याण की राजनीति: एक ऐतिहासिक अध्ययन: 1926 - 1953
260 _c2021
300 _a367पृ0
700 _aदिल्ली विश्वविद्यालय. कला संकाय. इतिहास विभाग
_91238333
942 _cTH
999 _c1850565
_d1850565